| 000 | 01304nas a2200361 i 4500 | ||
|---|---|---|---|
| 999 |
_c200451053 _d69265 |
||
| 001 | 200451053 | ||
| 003 | TR-AnTOB | ||
| 005 | 20230704095627.0 | ||
| 008 | 951027c19uu9999tu sr s s 0tur d | ||
| 035 | _a(TR-AnTOB)200451053 | ||
| 040 |
_aBGZ _beng _erda _cBGZ _dTR-AnTOB |
||
| 041 | 0 |
_atur _aeng |
|
| 043 | _aa-cy--- | ||
| 050 | 4 |
_aHC415.2.A1 _bİ8 |
|
| 090 |
_aHC415.2.A1 _bİ8 |
||
| 222 | 0 | _aİstatistik yıllığı | |
| 245 | 0 | 0 |
_aİstatistik yıllığı = _bStatistical yearbook. |
| 246 | 1 | 0 | _aKuzey Kıbrıs Türk Cumhuriyeti istatistik yıllığı. |
| 246 | 1 | 0 | _aTurkish republic of northern Cyprus Statistical yearbook. |
| 246 | 1 | 0 | _aStatistical yearbook. |
| 264 | 1 |
_a[Kıbrıs] : _bKKTC Devlet Planlama Örgütü, İstatistik ve Araştırma Dairesi, _c1995- |
|
| 300 |
_avolumes : _bmaps ; _c29 cm |
||
| 310 | _aAnnual | ||
| 336 |
_atext _btxt _2rdacontent |
||
| 337 |
_aunmediated _bn _2rdamedia |
||
| 338 |
_avolume _bnc _2rdacarrier |
||
| 500 | _aDescription based on: 1991 yearbook. | ||
| 651 | 0 |
_aKıbrıs, Kuzey _xEkonomik durum _vİstatistikler _vSüreli yayınlar _963071 |
|
| 710 | 1 |
_aKuzey Kıbrıs Türk Cumhuriyeti. _bDevlet Planlama Örgütü. _bİstatistik ve Araştırma Dairesi _953900 |
|
| 942 |
_2lcc _cCR |
||